| 000 | 00527cam a2200193ua 4500 | ||
|---|---|---|---|
| 020 | _c75.00 | ||
| 041 |
_aeng _h |
||
| 082 |
_a637.14 _bSIM/DA |
||
| 100 | _aAnandakrishnan, C P . | ||
| 245 |
_aDairy engineering technology and engineering of dairy plant operations / _cC P Anandakrishnan. _hTextual Documents |
||
| 250 |
_a1 / _b. |
||
| 260 |
_aNew Delhi : _bLaxmi Publications , _c1987. |
||
| 300 | _a400 ; . | ||
| 365 | _a75.00 | ||
| 504 | _a | ||
| 700 | 1 | _aSinha, N N . | |
| 942 | _cBK | ||
| 999 |
_c9631 _d9631 |
||